| 000 | 01169nmc a2200385 a 4500 | ||
|---|---|---|---|
| 003 | AR-BaBNM | ||
| 005 | 20251128204326.0 | ||
| 008 | 275119s1989 ||||||||||||||000 | spa|| | ||
| 020 | _a950-582-267-3 | ||
| 040 | _cAR-BaBNM | ||
| 100 | 1 | _aVigil, Carlos José | |
| 245 | 1 | 0 |
_aEducación popular y protagonismo histórico _buna opción para América Latina |
| 260 |
_aBuenos Aires _bHumanitas _c1989 |
||
| 300 | 0 |
_a256 p. _bgráfs., tablas il |
|
| 490 | 0 | _aGuidance | |
| 500 | 0 | _aCoordinación y producción por Osvaldo Dubini | |
| 504 | _aBibliografía: p. 243-256 | ||
| 650 | 4 | _aPAPEL DE LA EDUCACION | |
| 650 | 4 | _aDEMOCRATIZACION DE LA EDUCACION | |
| 650 | 4 | _aPOLITICA SOCIAL | |
| 650 | 4 | _aPOLITICA CULTURAL | |
| 650 | 4 | _aPOBREZA | |
| 650 | 4 | _aIGLESIA Y EDUCACION | |
| 650 | 4 | _aMETODOS DE ENSENANZA | |
| 650 | 4 | _aPARTICIPACION DE LA COMUNIDAD | |
| 650 | 4 | _aFORMADORES DE DOCENTES | |
| 650 | 4 | _aMOVIMIENTO OBRERO | |
| 650 | 4 | _aPOLITICA EDUCATIVA | |
| 651 | 4 | _aAmérica Latina | |
| 653 | _aEDUCACION POPULAR | ||
| 700 | 1 |
_aVillaverde, Anibal _edirector |
|
| 800 | 1 |
_aSierra de Villaverde, Sela _edirector |
|
| 942 | _cBK | ||
| 998 | _cGrace | ||
| 999 |
_c7030 _d7030 |
||